Deserts - Sudden Death - Statistics

General Stats
  • This quiz has been taken 117 times
  • The average score is 4 of 15
Answers on the Grid
Answers color-coded by a green-red scale on the quiz's grid according to % correct below.
Al Khatim
Arafo
Bogo
Chihuahua
Dalang
Danakil
El Djouf
Haliun
Hami
Jalapão
Kara
Kyzyl
Mbandaka
Messaad
Nagda
Nefud
Negev
Nurhak
Nyiri
Ordos
Polond
Simpson
Sleeping Bear Dunes
Zhigansk
 
Answer Stats
Answer % Correct
Chihuahua
65%
Negev
53%
Simpson
44%
El Djouf
38%
Sleeping Bear Dunes
35%
Al Khatim
29%
Danakil
24%
Jalapão
24%
Kyzyl
24%
Ordos
18%
Kara
15%
Hami
12%
Nyiri
9%
Polond
9%
Nefud
6%
No matching quizzes found
Score Distribution
Percent of People with Each Score
Percentile by Number Answered
Your Score History
You have not taken this quiz